000 00459nam a2200181Ia 4500
001 10276
005 20260306161820.0
008 260306t1995||||xx |||||||||||||| ||spa||
041 _aESP
082 _a913.8513
_bS47
100 _aShimada, Izumi
_eAUT
245 0 _aCultura Sican:
_bdios riqueza y poder en la Costa Norte del Perú
260 _c1995
300 _a219 páginas :
_c30 cm.
650 _aGEN
654 _aCHU
942 _cLIB
_dJUS
_fJUS
_2ddc
_n
999 _c10276
_d10276